[Event "COL-chT Interligas (Women)"]
[Site "Palmira"]
[Date "2019.04.29"]
[Round "6.3"]
[White "Guerra Verano, Diana"]
[Black "Bernal Parra, Liz Gabriela"]
[Result "1-0"]
[WhiteElo "1592"]
[BlackElo "1359"]
[PlyCount "97"]
[EventDate "2019.04.27"]
[EventType "team-swiss"]
[EventRounds "6"]
[EventCountry "COL"]
[SourceTitle "CBM 190 Extra"]
[Source "ChessBase"]
[SourceDate "2019.07.15"]
[SourceVersion "1"]
[SourceVersionDate "2019.07.15"]
[SourceQuality "1"]
[WhiteTeam "Santander (W)"]
[BlackTeam "Boyaca (W)"]
[WhiteTeamCountry "COL"]
[BlackTeamCountry "COL"]

1. e4 c5 2. c3 d5 3. exd5 Qxd5 4. d4 e6 5. Nf3 Nc6 6. Be2 Nf6 7. 0-0 Be7 8. Be3 cxd4 9. cxd4 0-0 10. Nc3 Qa5 11. Rc1 Rd8 12. Qc2 a6 13. Rfd1 Bd7 14. Qb3 Rab8 15. d5 exd5 16. Bb6 Qb4 17. Qxb4 Bxb4 18. Bxd8 Bxc3 19. Bxf6 Bxf6 20. b3 Be6 21. Bxa6 Nb4 22. Bf1 Nxa2 23. Rc7 Bd8 24. Rc2 Nb4 25. Rcd2 Bf6 26. Nd4 Bd7 27. g3 Nc6 28. Ne2 Be6 29. Nf4 Rd8 30. Nxd5 Bxd5 31. Rxd5 Kf8 32. Rxd8+ Nxd8 33. Rd7 Ke8 34. Bb5 Kf8 35. f4 h6 36. Kg2 g6 37. Kf3 Be7 38. g4 b6 39. f5 g5 40. Ke4 f6 41. Kd5 Kf7 42. Ke4 Kf8 43. h3 Kf7 44. Bc4+ Ke8 45. Be6 Kf8 46. Kd5 Ke8 47. Kc4 Bc5 48. Rh7 Bf8 49. Bd7# 1-0

[Event "COL-ch U1800"]
[Site "Moniquira"]
[Date "2018.07.22"]
[Round "6"]
[White "Bernal Parra, Liz Gabriela"]
[Black "Sandoval, Cesar Leonardo"]
[Result "0-1"]
[WhiteElo "1364"]
[BlackElo "1588"]
[PlyCount "52"]
[EventDate "2018.07.19"]
[EventType "swiss"]
[EventRounds "7"]
[EventCountry "COL"]
[SourceTitle "CBM 187 Extra"]
[Source "ChessBase"]
[SourceDate "2018.11.04"]
[SourceVersion "1"]
[SourceVersionDate "2018.11.04"]
[SourceQuality "1"]

1. e4 e6 2. d4 d5 3. e5 c5 4. c3 Nc6 5. Nf3 Qb6 6. Na3 Nh6 7. Be2 cxd4 8. Nxd4 Nxd4 9. Qxd4 Bc5 10. Qa4+ Bd7 11. Bb5 Bxf2+ 12. Ke2 Bc6 13. Bf4 Bc5 14. Rad1 Nf5 15. Rd2 Nh4 16. Kd1 Rc8 17. c4 0-0 18. cxd5 Bxd5 19. Nc4 Bxc4 20. Bxc4 Bb4 21. Bf1 Bxd2 22. Bxd2 Nf5 23. g4 Ne7 24. Qa3 Rfd8 25. Qb3 Qd4 26. Qc2 Rxc2 0-1

[Event "COL-ch sf 2nd"]
[Site "Tunja"]
[Date "2018.04.22"]
[Round "10"]
[White "Rativa Jimenez, Laura Milena"]
[Black "Bernal Parra, Liz Gabriela"]
[Result "0-1"]
[WhiteElo "1492"]
[BlackElo "1278"]
[PlyCount "99"]
[EventDate "2018.04.17"]
[EventType "swiss"]
[EventRounds "10"]
[EventCountry "COL"]
[SourceTitle "CBM 184 Extra"]
[Source "ChessBase"]
[SourceDate "2018.06.28"]
[SourceVersion "1"]
[SourceVersionDate "2018.06.28"]
[SourceQuality "1"]

1. e4 c5 2. c3 d5 3. exd5 Qxd5 4. d4 cxd4 5. Qxd4 Nf6 6. Nf3 Nc6 7. Qxd5 Nxd5 8. Bb5 Bd7 9. 0-0 e6 10. Re1 h6 11. Bd2 Bd6 12. c4 Nc7 13. Nc3 0-0 14. Rad1 Rfd8 15. Bxh6 Bxh2+ 16. Nxh2 gxh6 17. Ng4 Kg7 18. Ba4 Be8 19. Bc2 Rxd1 20. Bxd1 Rd8 21. Re3 Ne7 22. Bf3 b6 23. Re2 Rd4 24. b3 Ng6 25. Ne5 Nh4 26. Be4 f5 27. Bc2 Kf6 28. g3 Ng6 29. Nxg6 Kxg6 30. f4 Kf6 31. a3 Bc6 32. Rf2 a6 33. Kh2 h5 34. Na2 a5 35. Nc3 Na6 36. Na4 b5 37. Nb6 Nc5 38. cxb5 Bxb5 39. a4 Ba6 40. Kg1 Rb4 41. Na8 Nxb3 42. Nc7 Bc8 43. Ne8+ Kg6 44. Bxb3 Rxb3 45. Rc2 Bd7 46. Nd6 Rxg3+ 47. Kh2 Bxa4 48. Ra2 Rd3 49. Nxf5 Kxf5 50. Rxa4 0-1

[Event "COL-ch U18 sf2"]
[Site "Ibague"]
[Date "2018.03.24"]
[Round "5.10"]
[White "Tobar Beltran, Jorge Esteban"]
[Black "Bernal Parra, Liz Gabriela"]
[Result "1-0"]
[WhiteElo "1765"]
[BlackElo "1288"]
[PlyCount "87"]
[EventDate "2018.03.22"]
[EventType "swiss"]
[EventRounds "6"]
[EventCountry "COL"]
[SourceTitle "EXT 2024"]
[Source "ChessBase"]
[SourceDate "2023.10.10"]
[SourceVersion "1"]
[SourceVersionDate "2023.10.10"]
[SourceQuality "1"]

1. d4 d5 2. Bg5 Nc6 3. e3 Bf5 4. Bd3 Bg6 5. c3 Nf6 6. f4 Ne4 7. Bh4 Qd7 8. Nf3 e6 9. 0-0 f6 10. Qc2 Be7 11. a4 e5 12. Re1 a6 13. Nbd2 exd4 14. exd4 f5 15. Bxe7 Qxe7 16. Qb3 Qd6 17. Qxb7 0-0 18. Qb3 Rfb8 19. Qa2 Bf7 20. g3 Qg6 21. Nh4 Qf6 22. Nxe4 dxe4 23. Bc4 g6 24. Bxf7+ Qxf7 25. Qxf7+ Kxf7 26. b4 a5 27. b5 Ne7 28. c4 c6 29. Ng2 Ke6 30. bxc6 Rb4 31. Ne3 Rb3 32. Rac1 Rc8 33. d5+ Kf7 34. Rc2 Rb4 35. c7 Ke8 36. d6 Nc6 37. Nd5 Rxa4 38. Nb6 Rxc7 39. dxc7 Rb4 40. c8Q+ Kf7 41. Qxc6 Rb3 42. Rd2 Rd3 43. Rxd3 exd3 44. Qd7+ 1-0

[Event "Tunja Liga Boyaca"]
[Site "Tunja"]
[Date "2017.12.16"]
[Round "5.29"]
[White "Bernal Parra, Liz Gabriela"]
[Black "Corredor, Jose"]
[Result "0-1"]
[WhiteElo "1438"]
[BlackElo "1777"]
[PlyCount "54"]
[EventDate "2017.12.14"]
[EventType "swiss"]
[EventRounds "7"]
[EventCountry "COL"]
[SourceTitle "EXT 2024"]
[Source "ChessBase"]
[SourceDate "2023.10.10"]
[SourceVersion "1"]
[SourceVersionDate "2023.10.10"]
[SourceQuality "1"]

1. e4 e5 2. Nf3 Nc6 3. Bb5 a6 4. Ba4 Nf6 5. 0-0 b5 6. Bb3 Bc5 7. c3 d6 8. Re1 0-0 9. d4 Bb6 10. h3 h6 11. Qd3 Qe7 12. Nbd2 Na5 13. Bc2 Nc6 14. Nf1 Bd7 15. Ng3 b4 16. d5 Nb8 17. c4 a5 18. a3 bxa3 19. Rxa3 Na6 20. Be3 Nc5 21. Qd1 Rfb8 22. Nd2 Kh7 23. Nb3 Nxb3 24. Rxb3 a4 25. Ra3 Bc5 26. Ra2 a3 27. Bd3 Rxb2 0-1

[Event "COL-ch U16 sf1 Girls"]
[Site "Ibague"]
[Date "2016.04.15"]
[Round "2.9"]
[White "Sarmiento Mojica, Leidy Carolina"]
[Black "Bernal Parra, Liz Gabriela"]
[Result "1-0"]
[WhiteElo "1449"]
[BlackElo "1459"]
[PlyCount "53"]
[EventDate "2016.04.14"]
[EventType "swiss"]
[EventRounds "6"]
[EventCountry "COL"]
[SourceTitle "EXT 2024"]
[Source "ChessBase"]
[SourceDate "2023.10.10"]
[SourceVersion "1"]
[SourceVersionDate "2023.10.10"]
[SourceQuality "1"]

1. e4 c5 2. d4 cxd4 3. c3 dxc3 4. Nxc3 Nc6 5. Nf3 d6 6. Bc4 Nf6 7. e5 Ng4 8. Bf4 Qc7 9. Qe2 e6 10. exd6 Bxd6 11. Nb5 Qa5+ 12. Bd2 Qd8 13. Bg5 Bb4+ 14. Bd2 0-0 15. Rd1 Qe7 16. 0-0 Bd7 17. Bf4 a6 18. Nc7 Rac8 19. a3 Ba5 20. Bd6 Qd8 21. Bxf8 Kxf8 22. Nxe6+ fxe6 23. Bxe6 Rc7 24. Bxg4 Qf6 25. Rxd7 Rxd7 26. Bxd7 Nd4 27. Qe8# 1-0

[Event "Manizales zt U14 integr Centro (Women)"]
[Site "Manizales"]
[Date "2014.05.18"]
[Round "6.4"]
[White "Rativa Jimenez, Laura Milena"]
[Black "Bernal Parra, Liz Gabriela"]
[Result "0-1"]
[WhiteElo "1300"]
[BlackElo "1462"]
[PlyCount "116"]
[EventDate "2014.05.15"]
[EventType "swiss"]
[EventRounds "6"]
[EventCountry "COL"]
[SourceTitle "EXT 2024"]
[Source "ChessBase"]
[SourceDate "2023.10.10"]
[SourceVersion "1"]
[SourceVersionDate "2023.10.10"]
[SourceQuality "1"]

1. e4 c5 2. c4 Nc6 3. d3 g6 4. Be3 d6 5. Nf3 Bg7 6. Qc2 Qb6 7. Bc1 Nd4 8. Nxd4 Bxd4 9. Be2 Nf6 10. 0-0 0-0 11. Nd2 Ng4 12. Bxg4 Bxg4 13. h3 Bd7 14. Nf3 Bg7 15. Re1 Qc6 16. Rb1 e6 17. Be3 b5 18. b3 Rab8 19. d4 cxd4 20. Bxd4 Bxd4 21. Nxd4 Qc5 22. Qd3 bxc4 23. bxc4 Rxb1 24. Rxb1 e5 25. Nb3 Qb6 26. Qc2 Rb8 27. c5 Qc6 28. Rd1 Be6 29. Na5 Qxc5 30. Qxc5 dxc5 31. Nc6 Rb2 32. Rc1 c4 33. Nxe5 Rxa2 34. Nxc4 Bxc4 35. Rxc4 a5 36. Rc8+ Kg7 37. Ra8 Kf6 38. f4 h5 39. Ra6+ Kg7 40. g4 Ra4 41. f5 Rxe4 42. Rxa5 hxg4 43. hxg4 Rxg4+ 44. Kf2 Rf4+ 45. Ke3 Rxf5 46. Rxf5 gxf5 47. Kf4 Kf6 48. Kf3 Kg5 49. Kg3 f6 50. Kf3 f4 51. Kf2 Kg4 52. Kg2 f3+ 53. Kf2 Kf4 54. Kf1 Ke3 55. Ke1 f2+ 56. Kf1 f5 57. Kg2 Ke2 58. Kg3 f1Q 0-1

[Event "Central Region-ch U16 Girls"]
[Site "Duitama"]
[Date "2012.05.11"]
[Round "4.5"]
[White "Cespedes Galindo, Estefania"]
[Black "Bernal Parra, Liz Gabriela"]
[Result "1-0"]
[WhiteElo "1799"]
[BlackElo "1348"]
[PlyCount "27"]
[EventDate "2012.05.10"]
[EventType "swiss"]
[EventRounds "6"]
[EventCountry "COL"]
[SourceTitle "EXT 2024"]
[Source "ChessBase"]
[SourceDate "2023.10.10"]
[SourceVersion "1"]
[SourceVersionDate "2023.10.10"]
[SourceQuality "1"]

1. d4 d5 2. c4 Nf6 3. cxd5 Nxd5 4. e4 Nf6 5. Nc3 Nc6 6. Nf3 e6 7. Bg5 Bb4 8. e5 h6 9. Bh4 g5 10. Nxg5 Ne4 11. Ngxe4 Qxh4 12. Nf6+ Kd8 13. Qg4 Nxd4 14. Qxh4 1-0